[Event "Women's Speed Chess Q2"]
[Site "chess.com INT"]
[Date "2020.06.19"]
[Round "2"]
[White "Diakonova, Ekaterina"]
[Black "Babiy, Olga"]
[Result "0-1"]
[BlackTitle "WGM"]
[WhiteElo "2209"]
[BlackElo "2228"]
[WhiteFideId "24172936"]
[BlackFideId "14117258"]
[EventDate "2020.06.19"]

1. e4 c5 2. Nf3 e6 3. g3 Nc6 4. Bg2 Nf6 5. Nc3 d6 6. O-O Be7 7. d4 cxd4 8. Nxd4
Bd7 9. Be3 a6 10. a4 O-O 11. h3 Rc8 12. f4 Re8 13. g4 Nxd4 14. Bxd4 e5 15. Be3
exf4 16. Rxf4 Bc6 17. Qd3 Nd7 18. Nd5 Bg5 19. Rf5 Bxe3+ 20. Nxe3 Nc5 21. Qd4
Bxe4 22. Bxe4 Rxe4 23. Qd2 Qh4 24. Kg2 Rce8 25. Qd5 Qe7 26. Ra3 g6 27. Rf3 Re5
28. Qc4 Ne6 29. Nd5 Rxd5 30. Qxd5 Qg5 31. Qxg5 Nxg5 32. Rfe3 Ne6 33. Kf3 Rc8 34.
Rac3 Rd8 35. Kf2 d5 36. Red3 Ng5 37. Rb3 Ne4+ 38. Kg2 Nc5 39. Rbc3 Nxd3 40. Rxd3
Kf8 41. Kf3 Ke7 42. Ke3 Ke6 43. Kd4 Rc8 44. Re3+ Kd6 45. c3 Rc4+ 46. Kd3 Rxa4
47. Rf3 Ke6 48. Re3+ Kd6 49. Rf3 Ke6 50. Re3+ Re4 51. Rf3 f5 52. gxf5+ gxf5 53.
b3 Ke5 54. c4 dxc4+ 55. bxc4 f4 56. Rf1 Rd4+ 57. Kc3 Rd7 58. Rg1 Ke4 59. Re1+
Kf3 60. Rf1+ Kg3 61. h4 f3 62. h5 f2 63. h6 Kg2 64. Rc1 f1=Q 65. Rxf1 Kxf1 0-1

[Event "Women's Speed Chess Q2"]
[Site "chess.com INT"]
[Date "2020.06.19"]
[Round "2"]
[White "Daulyte-Cornette, Deimante"]
[Black "Khalafova, Narmin"]
[Result "1-0"]
[WhiteTitle "IM"]
[BlackTitle "WGM"]
[WhiteElo "2400"]
[BlackElo "2279"]
[WhiteFideId "12802859"]
[BlackFideId "13402625"]
[EventDate "2020.06.19"]

1. e4 c5 2. Nc3 d6 3. f4 g6 4. Nf3 Bg7 5. Bb5+ Bd7 6. Bc4 e6 7. O-O Ne7 8. d3
Nbc6 9. f5 exf5 10. Qe1 h6 11. Qh4 Nd4 12. Nxd4 Bxd4+ 13. Kh1 g5 14. Qh5 Ng6 15.
Bxf7+ Kxf7 16. exf5 Bxf5 17. Rxf5+ Kg7 18. Bd2 Qd7 19. Raf1 Raf8 20. Rxf8 Rxf8
21. Rxf8 Nxf8 22. Qf3 Qf7 23. Qxf7+ Kxf7 24. Nb5 Bxb2 25. Nxd6+ Ke6 26. Nxb7 Kd5
27. Be3 Ne6 28. Na5 Bc3 29. Nc4 Nd4 30. Bxd4 Kxd4 31. Nd6 Be1 32. g3 Kc3 33.
Ne4+ Kd4 34. Kg2 c4 35. Kf1 Ba5 36. Ke2 cxd3+ 37. cxd3 Bd8 38. Nd6 Kd5 39. Nf7
Bf6 40. Nxh6 Bd4 41. Nf5 Bb2 42. h4 gxh4 43. gxh4 a5 44. h5 Ke6 45. Ne3 Kf6 46.
Nc4 Bc3 47. Kf3 a4 48. Kg4 Bd4 49. Nd6 Bb2 50. Ne4+ Kg7 51. Kg5 Bc1+ 52. Kf5 Kh6
53. d4 Ba3 54. d5 Kxh5 55. d6 Kh6 56. Ke6 Bxd6 57. Kxd6 1-0

[Event "Women's Speed Chess Q2"]
[Site "chess.com INT"]
[Date "2020.06.19"]
[Round "2"]
[White "Vaishali, R"]
[Black "Demchenko, Svitlana"]
[Result "1-0"]
[WhiteTitle "WGM"]
[BlackTitle "WIM"]
[WhiteElo "2393"]
[BlackElo "2071"]
[WhiteFideId "5091756"]
[BlackFideId "14149893"]
[EventDate "2020.06.19"]

1. e4 d5 2. exd5 Nf6 3. d4 Bg4 4. Be2 Bxe2 5. Qxe2 Qxd5 6. Nf3 e6 7. c4 Bb4+ 8.
Bd2 Qa5 9. Nc3 O-O 10. O-O Nc6 11. Rfe1 Qh5 12. a3 Be7 13. d5 exd5 14. cxd5 Nxd5
15. Qb5 Rad8 16. Qxb7 Nxc3 17. Bxc3 Rd6 18. Qxc7 Rg6 19. Ne5 Bd6 20. Qxc6 Bxe5
21. Rxe5 Qxe5 22. Qxg6 Qxc3 23. Qxh7+ Kxh7 24. bxc3 Rc8 25. Rc1 Rc4 26. Kf1 Kg6
27. Ke2 Kf5 28. Kd3 Ra4 29. Ra1 Ke5 30. c4 f5 31. Kc3 Ra6 32. Re1+ Kd6 33. Kb4
Rb6+ 34. Kc3 g6 35. Re2 Rb8 36. Kd4 Rh8 37. h3 Rh4+ 38. Kc3 Kc5 39. Re5+ Kd6 40.
Rd5+ Kc6 41. Rd4 Rh7 42. f4 Re7 43. Rd3 Re2 44. Rg3 Re6 45. Rg5 Kc5 46. Rg3 a5
47. h4 Rd6 48. h5 gxh5 49. Rg5 Rf6 50. Rxh5 a4 51. g4 Kc6 52. Rxf5 Rg6 53. Rg5
Rf6 54. f5 Rf8 55. Rg6+ Kc5 56. Ra6 Re8 57. Ra5+ Kb6 58. Rxa4 1-0

[Event "Women's Speed Chess Q2"]
[Site "chess.com INT"]
[Date "2020.06.19"]
[Round "2"]
[White "Tomilova, Elena"]
[Black "Franco Valencia, Angela"]
[Result "1-0"]
[WhiteTitle "WGM"]
[BlackTitle "WIM"]
[WhiteElo "2353"]
[BlackElo "2089"]
[WhiteFideId "4162340"]
[BlackFideId "4403070"]
[EventDate "2020.06.19"]

1. d4 Nf6 2. Bg5 Ne4 3. Bf4 c5 4. f3 Qa5+ 5. c3 Nf6 6. d5 e6 7. e4 exd5 8. exd5
d6 9. Na3 Be7 10. Nc4 Qc7 11. a4 O-O 12. Ne2 Nh5 13. Bd2 Re8 14. g3 Nd7 15. Bg2
Nb6 16. Ne3 Bg5 17. f4 Bh6 18. Bf3 Nf6 19. O-O Bh3 20. Re1 g6 21. c4 Re7 22. a5
Nbd7 23. Nc3 a6 24. Qc2 Rae8 25. Kf2 Nf8 26. b3 Qd7 27. Re2 Ng4+ 28. Nxg4 Bxg4
29. Ne4 Bxf3 30. Nf6+ Kh8 31. Nxd7 Rxe2+ 32. Kxf3 Nxd7 33. Bc3+ Kg8 34. Qxe2
Rxe2 35. Kxe2 g5 36. Kf3 Kf8 37. Re1 gxf4 38. gxf4 b5 39. axb6 Nxb6 40. Ra1 Nc8
41. Rxa6 Ke7 42. Ra8 Nb6 43. Ra7+ Nd7 44. h4 Kd8 45. Ke4 Bf8 46. Kf5 Ke7 47. h5
Kd8 48. Rb7 Bh6 49. Ra7 Bf8 50. Ra1 Kc7 51. Rg1 Kd8 52. Rg8 Kc7 53. Rh8 h6 54.
Rg8 Kb7 55. Bg7 Be7 56. Bxh6 Nf6 57. Rg7 Nxh5 58. Rxf7 Kb6 59. Rxe7 Ka5 60. Ke4
Kb4 61. Rb7+ Kc3 62. f5 Ng3+ 63. Kf4 Ne2+ 64. Kg5 Nd4 65. f6 1-0

[Event "Women's Speed Chess Q2"]
[Site "chess.com INT"]
[Date "2020.06.19"]
[Round "2"]
[White "Arabidze, Meri"]
[Black "Muminova, Nafisa"]
[Result "1-0"]
[WhiteTitle "IM"]
[BlackTitle "WGM"]
[WhiteElo "2428"]
[BlackElo "2274"]
[WhiteFideId "13604040"]
[BlackFideId "14201526"]
[EventDate "2020.06.19"]

1. d4 Nf6 2. c4 e6 3. Nf3 c5 4. d5 exd5 5. cxd5 d6 6. Nc3 g6 7. Bf4 Bg7 8. h3
O-O 9. e3 a6 10. a4 b6 11. Be2 h6 12. O-O Re8 13. Nd2 Bb7 14. Nc4 Bf8 15. Bf3
Qc7 16. e4 Nbd7 17. Re1 Rad8 18. Qd2 Kh7 19. Rac1 Ne5 20. Nxe5 dxe5 21. Be3 Re7
22. b4 c4 23. b5 a5 24. Qa2 Ne8 25. Rc2 Nd6 26. Rec1 f5 27. Be2 f4 28. Bd2 Rf7
29. f3 Rc8 30. Be1 Qd8 31. Bf2 Ne8 32. Nd1 Bc5 33. Rxc4 Bxf2+ 34. Nxf2 Nd6 35.
Rc6 Bxc6 36. bxc6 Re7 37. Qb2 Qc7 38. Nd3 Nf7 39. Rb1 Rb8 40. Qc3 Qd6 41. Rb5
Rc7 42. Nb2 Qe7 43. Nc4 Nd6 44. Nxd6 Qxd6 45. Qb2 g5 46. Kh2 h5 47. Rxb6 g4 48.
Rxb8 g3+ 49. Kg1 Qc5+ 50. Kh1 Qf2 51. Qb1 Qxe2 52. Rb7 Kg6 53. Rxc7 Qc4 54. Rb7
Qxa4 55. c7 Qd7 56. d6 Kg5 57. Rb8 Kh4 58. c8=Q Qg7 59. Qd8+ Qg5 60. Qxg5+ Kxg5
61. d7 Kh4 62. d8=Q# 1-0

[Event "Women's Speed Chess Q2"]
[Site "chess.com INT"]
[Date "2020.06.19"]
[Round "2"]
[White "Perez Rodriguez, Jennifer"]
[Black "Smietanska, Wiktoria"]
[Result "1-0"]
[WhiteTitle "WIM"]
[BlackTitle "CM"]
[WhiteElo "2251"]
[BlackElo "1593"]
[WhiteFideId "3507831"]
[BlackFideId "21869359"]
[EventDate "2020.06.19"]

1. e4 c5 2. c3 Nf6 3. e5 Nd5 4. d4 cxd4 5. Nf3 Nc6 6. cxd4 d6 7. Bc4 Nb6 8.
Bxf7+ Kxf7 9. e6+ Kxe6 10. Ng5+ Kd7 11. d5 Ne5 12. Ne6 Ke8 13. Nxd8 Kxd8 14. Nc3
Bg4 15. f3 Bf5 16. O-O g6 17. Be3 Nbc4 18. Bd4 Bg7 19. f4 Nxb2 20. Qb3 Nf3+ 21.
Rxf3 Bxd4+ 22. Kh1 Nd3 23. Raf1 Rc8 24. Nb5 Nf2+ 25. R3xf2 Bxf2 26. Qb2 Kd7 27.
Qxf2 Bd3 28. Re1 Bxb5 29. Qe3 Rhe8 30. Qxa7 Rc7 31. Qa5 Bc4 32. Qa4+ b5 33. Qb4
Rec8 34. a3 Bxd5 35. Qxb5+ Bc6 36. Qe2 Bd5 37. Qd2 Be6 38. h3 Bf5 39. Kh2 e6 40.
Qd4 Rc2 41. Qg7+ Kc6 42. Qxh7 Kb6 43. Rg1 R8c6 44. Qg7 Be4 45. Qd4+ Kb5 46. Qxe4
Kc5 47. Qxg6 Kb5 48. h4 Rd2 49. h5 Rc5 50. h6 Rdd5 51. Qb1+ Kc6 52. Kg3 Rc3+ 53.
Kg4 Rcc5 54. Rh1 1-0

[Event "Women's Speed Chess Q2"]
[Site "chess.com INT"]
[Date "2020.06.19"]
[Round "2"]
[White "Kaya, Emel"]
[Black "Shpanko, Nadiia"]
[Result "0-1"]
[WhiteTitle "WCM"]
[BlackTitle "WIM"]
[WhiteElo "1912"]
[BlackElo "2235"]
[WhiteFideId "6306411"]
[BlackFideId "14132400"]
[EventDate "2020.06.19"]

1. e4 c5 2. Nf3 d6 3. Bb5+ Bd7 4. Bxd7+ Nxd7 5. O-O Ngf6 6. Re1 g6 7. c3 Bg7 8.
d4 cxd4 9. cxd4 O-O 10. Nc3 Rc8 11. Bg5 h6 12. Bh4 Qb6 13. Rb1 g5 14. Bg3 Rfd8
15. e5 dxe5 16. d5 e4 17. Nxe4 Nxe4 18. Rxe4 Nf6 19. Rxe7 Nxd5 20. Re1 Nc3 21.
Re8+ Rxe8 22. bxc3 Qc6 23. Nd4 Qxc3 24. Nf5 Qc2 25. Qxc2 Rxc2 26. h3 b6 27. a4
Ra2 28. Rb4 Kh7 29. Rc4 Kg6 30. Nd6 Re1+ 31. Kh2 Be5 32. Bxe5 Rxe5 33. Rc6 Kg7
34. Rc8 Rxf2 35. Kg1 Rf6 36. Ne8+ Rxe8 37. Rxe8 Rf4 38. a5 Ra4 39. axb6 axb6 40.
Rb8 Rb4 41. Kf2 Rb2+ 42. Kf3 Kf6 43. Rb7 Ke6 44. h4 f6 45. hxg5 hxg5 46. g3 Rb3+
47. Kg4 Rb4+ 48. Kf3 Kf5 49. Rd7 Rb3+ 50. Kg2 b5 51. Rd5+ Ke4 52. Rd8 b4 53. Rd6
Ke5 54. Rd8 Rb2+ 55. Kf3 b3 56. Rb8 Rb1 57. Rb5+ Ke6 58. Kg4 b2 59. Rb6+ Kf7 60.
Rb5 Kg6 61. Rb6 Kg7 62. Kf5 Rf1+ 63. Kg4 b1=Q 64. Rxb1 Rxb1 0-1

[Event "Women's Speed Chess Q2"]
[Site "chess.com INT"]
[Date "2020.06.19"]
[Round "2"]
[White "Shuqja, Klean"]
[Black "Mukhina, Jana"]
[Result "0-1"]
[WhiteTitle "WCM"]
[BlackTitle "WFM"]
[WhiteElo "1838"]
[BlackElo "2068"]
[WhiteFideId "4701585"]
[BlackFideId "34115428"]
[EventDate "2020.06.19"]

1. b3 Nf6 2. Bb2 g6 3. Bxf6 exf6 4. c4 Bg7 5. Nc3 O-O 6. e3 c6 7. Be2 f5 8. Nf3
d5 9. cxd5 cxd5 10. d4 Nc6 11. O-O f4 12. exf4 Qf6 13. Nxd5 Qd6 14. Ne3 Qxf4 15.
Rc1 Nxd4 16. Nxd4 Qxd4 17. Qxd4 Bxd4 18. Nd5 Be6 19. Nc7 Rac8 20. Nxe6 Rxc1 21.
Rxc1 fxe6 22. Bf3 e5 23. Rc2 b5 24. Kf1 b4 25. Bd5+ Kh8 26. f3 Bc3 27. Rc1 Rc8
28. Ke2 Rc5 29. Bc4 Ra5 30. Rc2 g5 31. Kd3 Kg7 32. Ke4 Kf6 33. g4 Ra3 34. Re2
Ra5 35. h3 h6 36. Rh2 Rc5 37. h4 Rc8 38. hxg5+ Kxg5 39. Rh5+ Kg6 40. Rf5 Rd8 41.
Bf7+ Kg7 42. Bd5 a5 43. Rf7+ Kg6 44. Ra7 Bd4 45. Rxa5 Rc8 46. Bc4 Rf8 47. a3
Rf4+ 48. Kd5 bxa3 49. Rxa3 Rxf3 50. Ra6+ Kg5 51. b4 Rc3 52. b5 e4 53. Kxd4 Rc1
54. b6 e3 55. b7 Rb1 56. Bd3 Rxb7 57. Kxe3 Kxg4 58. Rxh6 Re7+ 0-1

[Event "Women's Speed Chess Q2"]
[Site "chess.com INT"]
[Date "2020.06.19"]
[Round "2"]
[White "Yu, Jennifer"]
[Black "Anu, Bayar"]
[Result "1-0"]
[WhiteTitle "FM"]
[BlackTitle "WFM"]
[WhiteElo "2315"]
[BlackElo "2102"]
[WhiteFideId "2078341"]
[BlackFideId "4901339"]
[EventDate "2020.06.19"]

1. d4 Nf6 2. c4 c5 3. d5 e6 4. Nc3 exd5 5. cxd5 g6 6. e4 d6 7. f4 Bg7 8. Bb5+
Nfd7 9. Nf3 a6 10. Bd3 b5 11. O-O O-O 12. Kh1 c4 13. Bc2 Nc5 14. a3 Bg4 15. h3
Bxf3 16. Qxf3 Nbd7 17. Be3 Rb8 18. Rad1 a5 19. Bd4 b4 20. axb4 axb4 21. Ne2 b3
22. Bb1 Na4 23. Bxg7 Kxg7 24. Rd2 Qf6 25. Nd4 Rfc8 26. Nc6 Rb6 27. e5 dxe5 28.
fxe5 Qxf3 29. Rxf3 Rbxc6 30. dxc6 Nxe5 31. Re3 Nxc6 32. Be4 Nb4 33. Bb7 Rc7 34.
Be4 Nc2 35. Bxc2 bxc2 36. Rxc2 Nb6 37. b3 Ra7 38. bxc4 Ra1+ 39. Kh2 Ra7 40. c5
Rc7 41. Rec3 Nd5 42. Ra3 Nb4 43. Rc4 Nc6 44. Ra6 f6 45. Rb6 Ne5 46. Rc2 Kf7 47.
c6 Ke7 48. g4 h6 49. Kg3 g5 50. Ra6 Kd6 51. Rb6 Rxc6 52. Rbxc6+ Nxc6 53. Rf2 Ne5
54. Rxf6+ Kd5 55. Rxh6 Ke4 56. Rh5 Nd3 57. Rxg5 Ne5 58. Rf5 Nc4 59. Rf4+ Kd3 60.
Rxc4 Kxc4 61. Kf4 Kd5 62. Kf5 Kd6 63. Kf6 Kd7 64. Kf7 Kd6 65. g5 Ke5 66. g6 Kf5
67. g7 Kg5 68. g8=Q+ Kh4 69. Qg4# 1-0

[Event "Women's Speed Chess Q2"]
[Site "chess.com INT"]
[Date "2020.06.19"]
[Round "2"]
[White "Osmanodja, Filiz"]
[Black "Tania, Sachdev"]
[Result "0-1"]
[WhiteTitle "WGM"]
[BlackTitle "IM"]
[WhiteElo "2293"]
[BlackElo "2392"]
[WhiteFideId "24633569"]
[BlackFideId "5007844"]
[EventDate "2020.06.19"]

1. e4 e5 2. Nf3 Nc6 3. Bb5 a6 4. Ba4 Nf6 5. O-O b5 6. Bb3 Bc5 7. c3 O-O 8. d4
Bb6 9. Bg5 h6 10. Bh4 d6 11. Bd5 Bd7 12. a4 Rb8 13. axb5 axb5 14. Na3 exd4 15.
cxd4 g5 16. Bg3 Nxd5 17. exd5 Ne7 18. h4 Nxd5 19. hxg5 hxg5 20. Qd2 f6 21. Rae1
Bg4 22. Nxb5 Qd7 23. Qd3 Bxf3 24. gxf3 Rbe8 25. Qg6+ Qg7 26. Qxe8 Rxe8 27. Rxe8+
Kh7 28. Rfe1 Bxd4 29. Nxd4 Qf7 30. Nf5 Qh5 31. Kg2 Nf4+ 32. Bxf4 gxf4 33. R1e7+
Kg6 34. Nd4 Qg5+ 35. Kf1 Qd5 36. Re4 Qc4+ 37. Kg2 f5 38. Rxf4 Qa4 39. Re6+ Kh7
40. Ne2 Qd7 41. Rf6 Qg7+ 42. Ng3 Qxf6 43. Rxf5 Qxb2 44. Rh5+ Kg6 45. Rh8 Qxh8
46. f4 d5 47. Kf3 c5 48. f5+ Kf6 49. Kf4 Qh6+ 50. Kf3 c4 51. Ne2 Qh5+ 52. Ke3
Qxf5 53. f4 Qe4+ 54. Kd2 d4 55. Kd1 d3 56. Nc3 Qf3+ 57. Kd2 Qf2+ 58. Kd1 Qc2+
59. Ke1 Qxc3+ 60. Kf2 d2 61. Ke2 Qd3+ 62. Kf2 d1=Q 0-1

[Event "Women's Speed Chess Q2"]
[Site "chess.com INT"]
[Date "2020.06.19"]
[Round "2"]
[White "Hryzlova, Sofiia"]
[Black "Osmak, Iulija"]
[Result "1-0"]
[BlackTitle "IM"]
[WhiteElo "1940"]
[BlackElo "2438"]
[WhiteFideId "14174669"]
[BlackFideId "14101602"]
[EventDate "2020.06.19"]

1. c4 e6 2. g3 f5 3. Bg2 Nf6 4. e3 Be7 5. Ne2 O-O 6. O-O d6 7. d3 e5 8. b4 Qe8
9. Nbc3 Nc6 10. b5 Nd8 11. a4 Qh5 12. f4 Ne6 13. Nd5 Nxd5 14. cxd5 Nc5 15. e4
fxe4 16. dxe4 Bg4 17. Ra2 exf4 18. gxf4 Nxa4 19. Ng3 Bxd1 20. Nxh5 Nc3 21. Ra3
Nxb5 22. Rxd1 Nxa3 23. Bxa3 g6 24. Ng3 Rxf4 25. e5 Ra4 26. exd6 Bxd6 27. Bxd6
cxd6 28. Ne4 Rd8 29. Rc1 Rd7 30. Nf6+ Kf7 31. Nxd7 Ke7 32. Nb8 Kd8 33. Bh3 Rb4
34. Be6 a5 35. Rc8+ Ke7 36. Rc7+ Kf6 37. Rf7+ Kg5 38. Nd7 a4 39. Rf1 a3 40. Ra1
Rb3 41. Nf8 b5 42. Bg8 b4 43. Ne6+ Kf6 44. Nd4 Rd3 45. Nc2 b3 46. Nxa3 b2 47.
Rb1 Rxa3 48. Rxb2 Ke5 49. Be6 Kf4 50. Rb7 h5 51. Rf7+ Kg5 52. Rf2 Kh4 53. h3 g5
54. Kh2 g4 55. hxg4 hxg4 56. Kg2 Rg3+ 57. Kf1 Ra3 58. Rh2+ Kg5 59. Rg2 Ra4 60.
Ke2 Kh4 61. Ke3 Kh3 62. Rg1 Kh4 63. Rg2 1-0

[Event "Women's Speed Chess Q2"]
[Site "chess.com INT"]
[Date "2020.06.19"]
[Round "2"]
[White "Balabayeva, Xeniya"]
[Black "Shuvalova, Polina"]
[Result "0-1"]
[WhiteTitle "WFM"]
[BlackTitle "WGM"]
[WhiteElo "2146"]
[BlackElo "2454"]
[WhiteFideId "13719688"]
[BlackFideId "24171760"]
[EventDate "2020.06.19"]

1. e4 c6 2. c4 d5 3. exd5 cxd5 4. cxd5 Nf6 5. Qa4+ Nbd7 6. Nc3 g6 7. Nf3 Bg7 8.
Bc4 O-O 9. O-O a6 10. Qa3 Nb6 11. Bb3 Nbxd5 12. Nxd5 Nxd5 13. Bxd5 Qxd5 14. Qxe7
Bg4 15. Qa3 Rfe8 16. h3 Bxf3 17. Qxf3 Qxf3 18. gxf3 Rac8 19. Rd1 Rc2 20. Rb1 Bd4
21. Kf1 Re5 22. Re1 Rh5 23. Re4 Rd5 24. Ke2 Kg7 25. Kd3 Rxc1 26. Rxc1 Bxb2+ 27.
Kc4 Rxd2 28. Rf1 b5+ 29. Kb3 Bf6 30. Rb4 Rd3+ 31. Kc2 Rc3+ 32. Kd1 Rxf3 33. a4
Bc3 34. Re4 Bf6 35. axb5 axb5 36. Re3 Rf5 37. Ke2 h5 38. Rb1 Bd4 39. Rf3 Re5+
40. Kf1 Rc5 41. Rd3 Bf6 42. Rd2 Rf5 43. Kg2 Bc3 44. Rd3 b4 45. Rf3 Rd5 46. Re3
Rg5+ 47. Kf1 Rd5 48. Re2 Rd3 49. Rb3 Rxh3 50. Re3 Rh1+ 51. Ke2 Rh4 52. Rd3 Re4+
53. Re3 Rd4 54. Rf3 Re4+ 55. Kf1 Re6 56. Re3 Rd6 57. Ke2 h4 58. Rd3 Re6+ 59. Re3
Rf6 60. Rh3 g5 61. f3 Ra6 62. Kf2 Ra2+ 63. Ke3 Kg6 64. Ke4 f5+ 65. Ke3 Ra1 66.
Kf2 Ra2+ 67. Ke3 Rg2 68. Rb1 Kh5 69. Rd1 b3 0-1

[Event "Women's Speed Chess Q2"]
[Site "chess.com INT"]
[Date "2020.06.19"]
[Round "2"]
[White "Juhasz, Barbara"]
[Black "Papp, Petra"]
[Result "0-1"]
[WhiteTitle "WIM"]
[BlackTitle "WGM"]
[WhiteElo "2223"]
[BlackElo "2338"]
[WhiteFideId "743585"]
[BlackFideId "739049"]
[EventDate "2020.06.19"]

1. e4 c6 2. d4 d5 3. Nd2 dxe4 4. Nxe4 Nf6 5. Nxf6+ exf6 6. c3 Bd6 7. Bd3 O-O 8.
Ne2 Re8 9. Qc2 h5 10. O-O h4 11. Bf4 Na6 12. Rae1 Nc7 13. Bxd6 Qxd6 14. h3 Nd5
15. Bh7+ Kh8 16. Bd3 Bd7 17. a3 g5 18. c4 Nf4 19. Nxf4 Qxf4 20. Qc3 Kg7 21. Bc2
a5 22. Bd1 a4 23. Re3 Qd6 24. Rfe1 Rxe3 25. fxe3 f5 26. Rf1 Qf6 27. Qb4 b5 28.
cxb5 cxb5 29. Bc2 Re8 30. e4 f4 31. e5 Qc6 32. Bd3 Qd5 33. Be2 Bc6 34. Bf3 Qd7
35. Bg4 Qb7 36. Rf2 Be4 37. Qd6 Qc6 38. Qxc6 Bxc6 39. Rc2 Bd5 40. Rc5 Bc4 41.
Rc7 Kg6 42. Bf3 f5 43. Rc6+ Kg7 44. Rc7+ Kg6 45. Bc6 Rd8 46. Bd7 Bd5 47. e6 Bxe6
48. Bxe6 Rxd4 49. Bd7 Rd2 50. Bxb5 Rxb2 51. Bxa4 Ra2 52. Rc6+ Kg7 53. Rc3 g4 54.
Bd7 Kf7 55. Bxf5 g3 56. Rb3 Kf6 57. Bb1 Ra1 58. Kf1 Ke5 59. Ke2 Kd4 60. Kf3 Kc4
61. Rb4+ Kc3 62. Be4 Rxa3 63. Rb8 Kd4+ 64. Kxf4 Ra4 65. Re8 Kc5 66. Kg5 Kd6 67.
Kxh4 Kd7 68. Re5 Kd6 69. Rd5+ Ke6 0-1

[Event "Women's Speed Chess Q2"]
[Site "chess.com INT"]
[Date "2020.06.19"]
[Round "2"]
[White "Andriasyan, Siranush"]
[Black "Schut, Lisa"]
[Result "1/2-1/2"]
[WhiteTitle "WIM"]
[BlackTitle "WIM"]
[WhiteElo "2298"]
[BlackElo "2259"]
[WhiteFideId "13301926"]
[BlackFideId "1019481"]
[EventDate "2020.06.19"]

1. e4 c5 2. Nf3 d6 3. d4 cxd4 4. Qxd4 Nf6 5. Nc3 Nc6 6. Bb5 Bd7 7. Bxc6 Bxc6 8.
Bg5 e5 9. Qd3 Be7 10. Bxf6 Bxf6 11. Rd1 Qb6 12. O-O O-O 13. b3 Rad8 14. Nd5 Bxd5
15. Qxd5 Qa6 16. a4 Rc8 17. c4 Be7 18. g3 Kh8 19. Nh4 Bxh4 20. gxh4 Qb6 21. Rd3
Rcd8 22. Rf3 f6 23. Kh1 a6 24. Rg1 Qc7 25. Rfg3 Rd7 26. h5 Rdf7 27. Rd3 f5 28.
exf5 Rxf5 29. h6 gxh6 30. Qxd6 Qxd6 31. Rxd6 Rxf2 32. Rd7 R2f7 33. Rd6 Re7 34.
Rxh6 e4 35. Re1 e3 36. Re2 Rf2 37. Rxf2 exf2 38. Kg2 Rf7 39. Kf1 Rf3 40. Rb6 Rf8
41. c5 Rf7 42. c6 bxc6 43. Rxc6 Rb7 44. Rc3 Rb4 45. Kxf2 a5 46. Ke2 Kg7 47. Kd2
Kg6 48. Kc2 Rh4 49. h3 Rf4 50. Rc5 Rf2+ 51. Kc3 Rf3+ 52. Kc4 Rxh3 53. Rxa5 Rh4+
54. Kc5 Rh3 55. b4 Rc3+ 56. Kb6 h5 57. b5 h4 58. Ra8 h3 59. Rg8+ Kh7 60. Rg4 Kh6
61. Rh4+ Kg5 62. Rh8 Kg4 63. a5 Kg3 64. a6 Ra3 65. a7 h2 66. Kb7 Kg2 67. b6 Rh3
68. Rg8+ Rg3 69. Rh8 Rh3 70. Rxh3 Kxh3 71. a8=Q h1=Q+ 72. Ka7 Qa1+ 73. Kb8 Qh8+
74. Ka7 Qg7+ 75. b7 Qd4+ 76. Kb8 Qd8+ 77. Ka7 Qa5+ 78. Kb8 Qd8+ 79. Ka7 Qd4+ 80.
Kb8 Qd6+ 81. Ka7 Qa3+ 82. Kb8 Qd6+ 83. Ka7 Qa3+ 84. Kb8 Qd6+ 1/2-1/2

[Event "Women's Speed Chess Q2"]
[Site "chess.com INT"]
[Date "2020.06.19"]
[Round "2"]
[White "Franco Valencia, Beatriz Irene"]
[Black "Bulmaga, Irina"]
[Result "1/2-1/2"]
[WhiteTitle "WGM"]
[BlackTitle "IM"]
[WhiteElo "2103"]
[BlackElo "2440"]
[WhiteFideId "4402618"]
[BlackFideId "13903063"]
[EventDate "2020.06.19"]

1. d4 Nf6 2. c4 e6 3. Nf3 b6 4. e3 Bb7 5. a3 d5 6. b3 Nbd7 7. Bd3 Bd6 8. Bb2 O-O
9. Nbd2 Ne4 10. Qe2 f5 11. O-O Qf6 12. Rfd1 Qh6 13. Nf1 a6 14. Ne1 Nef6 15. cxd5
Nxd5 16. Nf3 N7f6 17. Ne5 c5 18. dxc5 Bxc5 19. b4 Bd6 20. Rac1 b5 21. Nf3 Rad8
22. Nd4 Rfe8 23. Nc6 Rc8 24. Ne5 Rcd8 25. Nc6 Rc8 26. Ne5 Bb8 27. Bd4 Ne4 28. f3
Nef6 29. g3 Qh5 30. Qf2 Ne7 31. Be2 Qh6 32. Nd3 Nc6 33. Bc5 e5 34. Ne1 e4 35. f4
Qg6 36. Nd2 Qf7 37. Ng2 Kh8 38. h3 Nd7 39. g4 Nxc5 40. Rxc5 Ne7 41. Rdc1 Rxc5
42. Rxc5 Bd6 43. Rc1 Qd5 44. Rd1 Qe6 45. Nh4 g6 46. gxf5 Nxf5 47. Kh2 Nxh4 48.
Qxh4 Kg7 49. Rg1 Qf6 50. Qg3 Rf8 51. Bg4 Re8 52. Nb3 Bc8 53. Nd4 Bxg4 54. Qxg4
Re7 55. Nf5+ Kf7 56. Nxe7 Kxe7 57. Rd1 h5 58. Qg2 g5 59. Kg1 gxf4 60. exf4 Qxf4
61. Re1 e3 62. Qg7+ Ke6 63. Qg6+ Kd5 64. Rd1+ Kc6 65. Qe8+ Kc7 66. Rc1+ Kb6 67.
Qd8+ Bc7 68. Qxc7+ Qxc7 69. Rxc7 Kxc7 70. Kf1 Kd6 71. Ke2 Ke5 72. Kxe3 h4 73.
Kf3 Kf5 74. Ke3 Ke5 75. Kf3 Kf5 76. Ke3 Ke5 1/2-1/2

[Event "Women's Speed Chess Q2"]
[Site "chess.com INT"]
[Date "2020.06.19"]
[Round "3"]
[White "Meenakshi, Subbaraman"]
[Black "Kiran, Manisha Mohanty"]
[Result "0-1"]
[WhiteTitle "WGM"]
[BlackTitle "WGM"]
[WhiteElo "2171"]
[BlackElo "2168"]
[WhiteFideId "5004381"]
[BlackFideId "5019575"]
[EventDate "2020.06.19"]

1. d4 Nf6 2. Nf3 g6 3. c4 Bg7 4. Nc3 d5 5. e3 O-O 6. b3 c6 7. Bb2 Ne4 8. Bd3 f5
9. O-O Nd7 10. cxd5 Nxc3 11. Bxc3 cxd5 12. Bb4 Nf6 13. Ne5 Ne4 14. Bxe4 fxe4 15.
Rc1 Be6 16. Qe2 Rf5 17. Qb5 Rb8 18. Rc2 Rg5 19. f4 exf3 20. Nxf3 Rh5 21. Rfc1
Bh6 22. Bd2 Bd7 23. Qxd5+ Rxd5 24. Ne5 Bf5 25. Rb2 Be4 26. Ng4 Bg7 27. Nf2 Bf5
28. Bb4 e5 29. e4 Rxd4 30. Bc3 Rxe4 31. Nxe4 Bxe4 32. Rd2 Qb6+ 33. Kh1 Rc8 0-1

[Event "Women's Speed Chess Q2"]
[Site "chess.com INT"]
[Date "2020.06.19"]
[Round "3"]
[White "Gokbulut, Julia"]
[Black "Jakubowska, Anna"]
[Result "1-0"]
[WhiteTitle "WFM"]
[BlackTitle "WIM"]
[WhiteElo "1970"]
[BlackElo "2073"]
[WhiteFideId "4153979"]
[BlackFideId "1121952"]
[EventDate "2020.06.19"]

1. d4 f5 2. Bg5 g6 3. Nc3 Bg7 4. h4 h6 5. Bf4 d6 6. Nf3 Nf6 7. e3 O-O 8. Bd3 e6
9. Qd2 b6 10. e4 fxe4 11. Nxe4 Nd5 12. Bxh6 Nc6 13. Bxg7 Kxg7 14. h5 Nf4 15.
O-O-O d5 16. Neg5 gxh5 17. g3 Ng6 18. Rxh5 Rh8 19. Rdh1 Rxh5 20. Rxh5 Qf6 21.
Rh7+ Kg8 22. Rxc7 Nd8 23. Bxg6 Qxg6 24. Qd3 Qxd3 25. cxd3 Ba6 26. Kd2 Bb5 27.
Ne5 a6 28. Nh7 Rb8 29. Nf6+ Kf8 30. Ng6# 1-0

[Event "Women's Speed Chess Q2"]
[Site "chess.com INT"]
[Date "2020.06.19"]
[Round "3"]
[White "Charochkina, Daria"]
[Black "Franco Valencia, Angela"]
[Result "1-0"]
[WhiteTitle "IM"]
[BlackTitle "WIM"]
[WhiteElo "2356"]
[BlackElo "2089"]
[WhiteFideId "4180917"]
[BlackFideId "4403070"]
[EventDate "2020.06.19"]

1. c4 e5 2. Nc3 Nf6 3. g3 d5 4. cxd5 Nxd5 5. Bg2 Ne7 6. e3 Nbc6 7. Nge2 g6 8.
O-O Bg7 9. b3 O-O 10. Bb2 h6 11. Rc1 Re8 12. f4 Nb4 13. Ba3 Nd3 14. Rc2 a5 15.
fxe5 Bxe5 16. Ne4 Bf5 17. Nf4 Nc6 18. Nxd3 Qxd3 19. Rxf5 gxf5 20. Nc5 Qb5 21.
Bf1 Qb6 22. Nd7 Qa7 23. Qh5 Rad8 24. Qxf5 Re6 25. Bd3 Rg6 26. Nxe5 Nxe5 27. Qxe5
Rxd3 28. Qe8+ Kg7 29. Rxc7 Rf6 30. Bb2 Rd6 31. Qxf7+ 1-0